A portrait of the artist as a young man / (Registro nro. 6906)
[ vista simple ]
| 000 -CABECERA | |
|---|---|
| campo de control de longitud fija | 00848cam a2200265 a 4500 |
| 001 - NÚMERO DE CONTROL | |
| campo de control | 000007125 |
| 003 - IDENTIFICADOR DEL NÚMERO DE CONTROL | |
| campo de control | OSt |
| 005 - FECHA Y HORA DE LA ÚLTIMA TRANSACCIÓN | |
| campo de control | 20200929154056.0 |
| 008 - DATOS DE LONGITUD FIJA--INFORMACIÓN GENERAL | |
| campo de control de longitud fija | 730213s1968 nyu 000 1 eng d |
| 040 ## - FUENTE DE LA CATALOGACIÓN | |
| Centro catalogador/agencia de origen | DO-SdBNP |
| Lengua de catalogación | spa |
| Centro/agencia transcriptor | BNPHU |
| 041 17 - CÓDIGO DE LENGUA | |
| Código de lengua del texto/banda sonora o título independiente | spa |
| Código de lengua original | eng |
| 082 ## - NÚMERO DE LA CLASIFICACIÓN DECIMAL DEWEY | |
| Número de clasificación | 820.7 |
| Número de documento/Ítem | J89a |
| 100 1# - ENTRADA PRINCIPAL--NOMBRE DE PERSONA | |
| Nombre de persona | Joyce, James, |
| Fechas asociadas al nombre | 1882-1941. |
| 9 (RLIN) | 12877 |
| 245 12 - MENCIÓN DE TÍTULO | |
| Título | A portrait of the artist as a young man / |
| Mención de responsabilidad, etc. | James Joyce ; edición Chester G. Anderson. |
| 260 ## - PUBLICACIÓN, DISTRIBUCIÓN, ETC. | |
| Lugar de publicación, distribución, etc. | New York : |
| Nombre del editor, distribuidor, etc. | Columbia University ; |
| -- | Viking Press, |
| Fecha de publicación, distribución, etc. | 1968. |
| 300 ## - DESCRIPCIÓN FÍSICA | |
| Extensión | 570 p. ; |
| Dimensiones | 20 cm. |
| 490 1# - MENCIÓN DE SERIE | |
| Mención de serie | The viking critical library |
| 590 ## - NOTA LOCAL (RLIN) | |
| Nota local | Inventariado, 2020 / DG |
| 650 #4 - PUNTO DE ACCESO ADICIONAL DE MATERIA--TÉRMINO DE MATERIA | |
| Término de materia o nombre geográfico como elemento de entrada | Novela irlandesa |
| 9 (RLIN) | 11511 |
| 650 #4 - PUNTO DE ACCESO ADICIONAL DE MATERIA--TÉRMINO DE MATERIA | |
| Término de materia o nombre geográfico como elemento de entrada | Literatura irlandesa |
| 9 (RLIN) | 11512 |
| 700 1# - PUNTO DE ACCESO ADICIONAL--NOMBRE DE PERSONA | |
| Nombre de persona | Anderson, Chester G., |
| Término indicativo de función/relación | ed. |
| 9 (RLIN) | 19769 |
| 830 #0 - PUNTO DE ACCESO ADICIONAL DE SERIE-TÍTULO UNIFORME | |
| Título uniforme | The viking critical library. |
| 9 (RLIN) | 19770 |
| 910 ## - DATOS DE OPCIÓN DEL USUARIO (OCLC) | |
| Datos de opción del usuario | En catalogaciòn |
| 942 ## - ELEMENTOS DE PUNTO DE ACCESO ADICIONAL (KOHA) | |
| Fuente del sistema de clasificación o colocación | Dewey Decimal Classification |
| Tipo de ítem Koha | Libros y folletos |
| Estado de retiro | Estado de pérdida | Fuente del sistema de clasificación o colocación | Restricciones de uso | No para préstamo | Código de colección | Localización permanente | Ubicación/localización actual | Ubicación en estantería | Fecha de adquisición | Fuente de adquisición | Número de inventario | Total de préstamos | Signatura topográfica completa | Código de barras | Fecha visto por última vez | Precio válido a partir de | Tipo de ítem Koha | Número de copia |
|---|---|---|---|---|---|---|---|---|---|---|---|---|---|---|---|---|---|---|
| Dewey Decimal Classification | Excluido de préstamo | Monografías: Libros y Folletos | General | General | En catalogación | 04.09.2009 | Donaciòn | LF1 | 820.7 J89a | 7125-10 | 25.06.2020 | 25.06.2020 | No se presta | |||||
| Extraviado | Excluido de préstamo | Monografías: Libros y Folletos | General | General | Extraviado | 10.04.2017 | LF1 | 820.7 J89a | 7125-20 | 25.06.2020 | 25.06.2020 | No se presta | e. 2 |
